| 000 | 00745nam a22001817a 4500 | ||
|---|---|---|---|
| 999 |
_c61129 _d61129 |
||
| 005 | 20231221125242.0 | ||
| 008 | 231221s1995 ru ||||| |||| 00| 0 rus d | ||
| 020 | _a5879270246 | ||
| 041 | _arus | ||
| 080 | _a902+903 П-80 | ||
| 245 |
_aПроисхождение вещей : _bОчерки первобытной культуры / _cРед. Е.В. Смирницкая. |
||
| 264 |
_aМосква : _bННН, _c1995. |
||
| 300 |
_a268 с.: _bил.; _c22 см. |
||
| 653 | _aნივთების წარმოშობა | ||
| 653 | _aნარკვევები პრიმიტიულ კულტურაზე | ||
| 700 |
_aСмирницкая, Е.В. _eრედაქტორი _920838 |
||
| 942 |
_2udc _cᲬᲘᲒᲜᲘ |
||